000
00314nam a2200133Ia 4500
008
151001s9999||||xx |||||||||||||| ||und||
100
_a
नीलाभ
245
_a
शोक का सुख
250
_a
1
260
_b
सदानीरा
260
_c
2004
300
_a
79
365
_b
18
999
_c
985184
_d
985181